000 00591nam a2200181 i 4500
001 51972
003 ES-MaACL
005 20230906162500.0
007 t|
008 030821s1973 ag ||||1| spa d
100 1 _aChilde, V. Gordon.
_938514
245 1 0 _aQué sucedió en la historia /
_cV. Gordon Childe ; estudio preliminar de Gregorio Weinberg ; [traducción de Elena Dukelski].
260 _aBuenos Aires :
_bLa Pleyade,
_c[1973]
300 _a310 p. ;
_c20 cm.
700 1 _aWeinberg, Gregorio.
_9116354
700 1 _aDukelski, Elena.
_945956
852 _aES-MaACL
_jA-7187
_bR.96397
999 _c51972
_d51972